| 000 | 00499nam a2200205 a 4500 | ||
|---|---|---|---|
| 999 |
_c10271 _d10271 |
||
| 001 | 10271 | ||
| 003 | BD-JhCC | ||
| 005 | 20180503114543.0 | ||
| 008 | 180422s1979 e a|||| || | 000 0 eng d | ||
| 035 | _a(BD-JhCC)10271 | ||
| 040 |
_aBD-JhCC _dBD-JhCC |
||
| 041 | _aeng | ||
| 082 |
_a823.5 _bGUL 1979 |
||
| 245 | _aGulliver's Travells / | ||
| 260 |
_aLondon : _bPurnell and Sons Limited, _c1979. |
||
| 300 |
_a32 p. : _bill. ; _c28 cm. |
||
| 650 | _atravels | ||
| 942 |
_2ddc _cBK |
||